Las bases de la danza clásica (Record no. 150283)

MARC details
000 -LEADER
campo de control de longitud fija 00717nam a2200217 i 4500
001 - NÚMERO DE CONTROL
campo de control 150283
003 - IDENTIFICADOR DE NÚMERO DE CONTROL
campo de control ES-MaACL
005 - FECHA Y HORA DE LA ÚLTIMA TRANSACCIÓN
campo de control 20250610171836.0
007 - CAMPO FIJO DE DESCRIPCIÓN FÍSICA--INFORMACIÓN GENERAL
campo de control de longitud fija t|
008 - DATOS DE LONGITUD FIJA--INFORMACIÓN GENERAL
campo de control de longitud fija 071029s1945 ag a |||| | spa d
100 1# - ENTRADA PRINCIPAL--NOMBRE DE PERSONA
Nombre de persona Vaganova, A.
9 (RLIN) 112399
245 14 - MENCIÓN DEL TÍTULO
Título Las bases de la danza clásica
Resto del título : evolución... del ballet, ballet ruso, vocabulario técnico /
Mención de responsabilidad, etc. A. Vaganova ; [traducción directa del ruso por Miguel Ourvantzoff].
250 ## - MENCION DE EDICION
Mención de edición 1ª ed.
260 ## - PUBLICACIÓN, DISTRIBUCIÓN, ETC.
Lugar de publicación, distribución, etc. Buenos Aires :
Nombre del editor, distribuidor, etc. Centurión,
Fecha de publicación, distribución, etc. 1945.
300 ## - DESCRIPCIÓN FÍSICA
Extensión 272 p. :
Otras características físicas il. ;
Dimensiones 27 cm.
650 #4 - PUNTO DE ACCESO ADICIONAL DE MATERIA--TÉRMINO DE MATERIA
Término de materia o nombre geográfico como elemento de entrada Danza.
9 (RLIN) 135869
650 #4 - PUNTO DE ACCESO ADICIONAL DE MATERIA--TÉRMINO DE MATERIA
Término de materia o nombre geográfico como elemento de entrada Ballet.
9 (RLIN) 151202
700 1# - ENTRADA AGREGADA--NOMBRE PERSONAL
Nombre de persona Ourvantzoff, Miguel,
Fechas asociadas al nombre 1897-1980
9 (RLIN) 87980
852 ## - LOCALIZACIÓN
Ubicación ES-MaACL
Número de control de estantería B-1767
Holdings
Estatus retirado Estado de pérdida Estado de daño No para préstamo Biblioteca de origen Biblioteca actual Ubicación en estantería Fecha de adquisición Fuente de adquisición Total de préstamos Signatura topográfica completa Código de barras Visto por última vez Precio de reemplazo Tipo de ítem Koha
        Biblioteca del Ateneo de Madrid Biblioteca del Ateneo de Madrid Sala Pardo Bazán 17/01/2008     B-1767 1156817 23/02/2023 23/02/2023 Libro impreso